| 000 | 00382nam a22001457a 4500 | ||
|---|---|---|---|
| 003 | LK-CoDNM | ||
| 005 | 20240812094925.0 | ||
| 008 | 240812b |||||||| |||| 00| 0 eng d | ||
| 040 |
_aLK-CoDNM _dLK-CoDNM _eLK-CoDNM |
||
| 080 | _bGP1969-70st-Vol.89 | ||
| 245 | _aParlimentary Debates | ||
| 260 |
_aColombo _bGoverment Press _c1969-70 |
||
| 300 | _bviii, 878p. : 24 cm | ||
| 942 | _cBK | ||
| 999 |
_c147075 _d147075 |
||